[Event "ch-European Rapid 2013"]
[Site "Warsaw POL"]
[Date "2013.12.15"]
[Round "9.5"]
[White "Ragger, Markus"]
[Black "Krasenkow, Michal"]
[Result "1-0"]
[WhiteTitle "GM"]
[BlackTitle "GM"]
[WhiteElo "2646"]
[BlackElo "2633"]
[WhiteFideId "1610856"]
[BlackFideId "1113100"]
[EventDate "2013.12.14"]

1. d4 Nf6 2. c4 g6 3. Nc3 d5 4. cxd5 Nxd5 5. Bd2 Nb6 6. e4 Qxd4 7. Qc2 c6 8. Nf3
Qd8 9. Rd1 N8d7 10. Bf4 Bg7 11. Nb5 e5 12. Bg5 f6 13. Nd6+ Kf8 14. Bd2 Qe7 15.
Bb4 c5 16. Ba3 f5 17. Be2 f4 18. h4 h6 19. h5 Qe6 20. hxg6 Qxg6 21. Nh4 Qf6 22.
Ndf5 Kg8 23. Rd6 Qf7 24. Ng6 1-0

[Event "ch-European Rapid 2013"]
[Site "Warsaw POL"]
[Date "2013.12.15"]
[Round "9.6"]
[White "Socko, Bartosz"]
[Black "Moiseenko, Alexander"]
[Result "1/2-1/2"]
[WhiteTitle "GM"]
[BlackTitle "GM"]
[WhiteElo "2657"]
[BlackElo "2713"]
[WhiteFideId "1107038"]
[BlackFideId "14102560"]
[EventDate "2013.12.14"]

1. d4 Nf6 2. c4 e6 3. Nc3 Bb4 4. Qc2 d5 5. a3 Bxc3+ 6. Qxc3 Ne4 7. Qc2 c5 8.
dxc5 Nc6 9. Nf3 Qa5+ 10. Bd2 Nxd2 11. Qxd2 dxc4 12. e3 Qxc5 13. Qc3 O-O 14. Qxc4
Qxc4 15. Bxc4 b6 16. Ke2 Bb7 17. Rac1 Rfc8 18. Bd3 Kf8 19. Rhd1 Ke7 20. g4 h6
21. h4 Rc7 22. Rc3 Rac8 23. Rdc1 Kd6 24. Rd1 Ke7 25. Rdc1 Kd6 26. g5 hxg5 27.
hxg5 Na5 28. Rxc7 Bxf3+ 29. Kxf3 Rxc7 30. Rh1 Nc6 31. Ke4 f5+ 32. gxf6 gxf6 33.
f4 f5+ 34. Kf3 Ne7 35. Bb1 Nd5 36. Rh6 Rf7 37. Ba2 a5 38. Bb1 Nf6 39. Ba2 Rf8
40. Ke2 Ke7 41. Rg6 Rh8 42. Rg2 Ng4 43. e4 Rh3 44. Bb1 Rb3 45. Ke1 Ne3 46. Re2
fxe4 47. Bxe4 Kf6 48. Bb1 Nd5 49. Ba2 Rb5 50. Re5 Rxb2 51. Bxd5 exd5 52. Rxd5
Rb3 53. Kd2 Rxa3 54. Rd6+ Kf5 55. Rxb6 1/2-1/2

[Event "ch-European Rapid 2013"]
[Site "Warsaw POL"]
[Date "2013.12.15"]
[Round "9.7"]
[White "Olszewski, Michal"]
[Black "Tkachiev, Vladislav"]
[Result "1-0"]
[WhiteTitle "GM"]
[BlackTitle "GM"]
[WhiteElo "2551"]
[BlackElo "2637"]
[WhiteFideId "1121251"]
[BlackFideId "618438"]
[EventDate "2013.12.14"]

1. Nf3 Nf6 2. c4 g6 3. Nc3 Bg7 4. d4 d6 5. e4 O-O 6. h3 Na6 7. Bg5 c6 8. Be2 e5
9. d5 h6 10. Be3 Nh5 11. g3 cxd5 12. cxd5 f5 13. exf5 gxf5 14. Nd2 f4 15. Bxh5
fxe3 16. fxe3 e4 17. Ndxe4 Qe7 18. Qe2 Bf5 19. Bg4 Bxe4 20. Be6+ Qxe6 21. dxe6
Bxh1 22. e7 Rf7 23. Qc4 Bf3 24. Kd2 Bxc3+ 25. bxc3 d5 26. Qh4 Be4 27. Qg4+ Kh7
28. Qd7 Bg6 29. Rf1 Rg7 30. Qd8 Rb8 31. Rf8 1-0

[Event "ch-European Rapid 2013"]
[Site "Warsaw POL"]
[Date "2013.12.15"]
[Round "9.8"]
[White "Dreev, Aleksey"]
[Black "Gdanski, Jacek"]
[Result "1-0"]
[WhiteTitle "GM"]
[BlackTitle "GM"]
[WhiteElo "2673"]
[BlackElo "2506"]
[WhiteFideId "4100107"]
[BlackFideId "1100106"]
[EventDate "2013.12.14"]

1. d4 Nf6 2. c4 c5 3. d5 g6 4. Nc3 d6 5. e4 Bg7 6. f3 O-O 7. Nge2 e6 8. Ng3 exd5
9. cxd5 Re8 10. Be2 b6 11. a4 Na6 12. O-O Nb4 13. Bg5 h6 14. Bf4 a6 15. Qd2 Kh7
16. Rfe1 Ra7 17. Na2 Nxa2 18. Rxa2 Rae7 19. b4 Qc7 20. a5 Nd7 21. axb6 Qxb6 22.
bxc5 Nxc5 23. Kh1 a5 24. Rxa5 Nb3 25. Rb5 Qxb5 26. Bxb5 Nxd2 27. Bxe8 Rxe8 28.
Bxd2 f5 29. Bb4 fxe4 30. Nxe4 Re5 31. Nxd6 Rxe1+ 32. Bxe1 Ba6 33. Ne4 Kg8 34. d6
Bb5 35. Nc5 Kf7 36. d7 Bf6 37. Ba5 1-0

[Event "ch-European Rapid 2013"]
[Site "Warsaw POL"]
[Date "2013.12.15"]
[Round "9.9"]
[White "Azarov, Sergei"]
[Black "Meskovs, Nikita"]
[Result "0-1"]
[WhiteTitle "GM"]
[BlackTitle "FM"]
[WhiteElo "2616"]
[BlackElo "2431"]
[WhiteFideId "13501470"]
[BlackFideId "11602740"]
[EventDate "2013.12.14"]

1. e4 c5 2. Nf3 e6 3. d4 cxd4 4. Nxd4 a6 5. Be2 Nf6 6. Nc3 Qc7 7. O-O Be7 8. f4
d6 9. Kh1 Nbd7 10. a4 b6 11. Bf3 Bb7 12. f5 e5 13. Nb3 O-O 14. Bg5 h6 15. Bxf6
Nxf6 16. Qd3 Rfc8 17. Rfd1 Bc6 18. Rd2 Qb7 19. Rad1 Rc7 20. Qe2 Rac8 21. Rd3 Be8
22. Na1 Rc4 23. Nb3 R4c7 24. Na1 b5 25. axb5 axb5 26. Nd5 Nxd5 27. Rxd5 Rc4 28.
c3 Bc6 29. Nc2 Bxd5 30. Rxd5 Ra8 31. Rd1 Rca4 32. g3 Qc6 33. Nb4 Qc4 34. Kg2 Ra1
35. Rd5 Rb1 36. Rd2 Bg5 37. Rd3 Raa1 38. h4 Bc1 39. Kh3 Rxb2 40. Qd1 Rab1 41.
Rxd6 Bd2 42. Qe2 Qxe2 43. Bxe2 Bxc3 44. Rd8+ Kh7 45. Bh5 Bxb4 46. Bxf7 g5 47. f6
Rf1 48. Bg8+ Kg6 49. f7 g4+ 0-1

[Event "ch-European Rapid 2013"]
[Site "Warsaw POL"]
[Date "2013.12.15"]
[Round "9.10"]
[White "Sargissian, Gabriel"]
[Black "Socko, Monika"]
[Result "1-0"]
[WhiteTitle "GM"]
[BlackTitle "GM"]
[WhiteElo "2675"]
[BlackElo "2440"]
[WhiteFideId "13300881"]
[BlackFideId "1106619"]
[EventDate "2013.12.14"]

1. d4 Nf6 2. Nf3 e6 3. c4 b6 4. g3 Bb7 5. Bg2 c5 6. d5 exd5 7. cxd5 Bxd5 8. Nc3
Bc6 9. e4 d6 10. O-O Be7 11. Bf4 O-O 12. Re1 b5 13. e5 dxe5 14. Nxe5 Bxg2 15.
Kxg2 b4 16. Qf3 bxc3 17. Qxa8 cxb2 18. Rab1 Qa5 19. Nc4 Qxa2 20. Rxb2 Qxc4 21.
Rxe7 Nbd7 22. Qxa7 g5 23. Bc7 Qd5+ 24. f3 g4 25. Qa3 Ra8 26. Qc3 Qc6 27. Qe3
Qxc7 28. Qg5+ Kf8 29. Qxf6 gxf3+ 30. Qxf3 Kxe7 31. Qxa8 c4 32. Qe4+ Qe5 33. Re2
Qxe4+ 34. Rxe4+ Kf6 35. Rxc4 Kg6 36. Rc6+ f6 37. Ra6 h5 38. h3 Ne5 39. Kf2 Kf5
40. Ke3 Nc4+ 41. Kd4 Nd2 42. Ra3 Kg6 43. Rd3 Nf1 44. Ke4 h4 45. g4 Ng3+ 46. Kf4
Ne2+ 47. Kf3 Ng3 48. Rd5 Kh6 49. Kf4 Kg6 50. Rd2 Kh6 51. Rd6 Kg7 52. Rd2 Kf7 53.
Rb2 Kg6 54. Rc2 Kg7 55. Rc6 Ne2+ 56. Ke3 Ng1 57. Kf4 Nxh3+ 58. Kf5 Nf2 59. Rc2
Nd3 60. Rc7+ Kg8 61. Kxf6 h3 62. Rc2 Nf4 63. Rh2 Nd5+ 64. Kg5 Kg7 65. Rxh3 Nf6
66. Ra3 Ne4+ 67. Kf4 Nd6 68. Ra7+ Nf7 69. Kf5 Kg8 70. g5 1-0

[Event "ch-European Rapid 2013"]
[Site "Warsaw POL"]
[Date "2013.12.15"]
[Round "9.11"]
[White "Ivanisevic, Ivan"]
[Black "Berzinsh, Roland"]
[Result "0-1"]
[WhiteTitle "GM"]
[BlackTitle "IM"]
[WhiteElo "2626"]
[BlackElo "2421"]
[WhiteFideId "912417"]
[BlackFideId "11600357"]
[EventDate "2013.12.14"]

1. d4 d5 2. c4 dxc4 3. e3 b5 4. a4 b4 5. Bxc4 e6 6. Qf3 c6 7. Ne2 Nf6 8. O-O Be7
9. e4 O-O 10. e5 Nd5 11. Qh3 Ba6 12. Nd2 c5 13. dxc5 Bxc4 14. Nxc4 Bxc5 15. Ng3
Nd7 16. Qg4 Kh8 17. Nh5 Rg8 18. Bg5 f5 19. Qg3 Qe8 20. Qh4 h6 21. Nf4 Kh7 22.
Qh3 N7b6 23. Ne3 Bxe3 24. fxe3 Nxf4 25. exf4 Nd5 26. Rad1 Qg6 27. Rd3 Rac8 28.
Rg3 Rc4 29. Rd1 Qf7 30. Qh4 Rgc8 31. Rgd3 Qg6 32. Rg3 Rc1 33. Rxc1 Rxc1+ 34. Kf2
Qe8 35. Bf6 gxf6 36. exf6 Rc7 37. f7 Rxf7 38. Qh5 Re7 39. Qh4 Qf7 0-1

[Event "ch-European Rapid 2013"]
[Site "Warsaw POL"]
[Date "2013.12.15"]
[Round "9.12"]
[White "Grigoryan, Karen H."]
[Black "Petrosian, Tigran L."]
[Result "0-1"]
[WhiteTitle "GM"]
[BlackTitle "GM"]
[WhiteElo "2604"]
[BlackElo "2648"]
[WhiteFideId "13301004"]
[BlackFideId "13301616"]
[EventDate "2013.12.14"]

1. d4 d6 2. Nf3 Bg4 3. e4 e6 4. Be2 Nf6 5. Nc3 Be7 6. h3 Bh5 7. O-O O-O 8. d5 e5
9. Nd2 Bg6 10. Bd3 Nbd7 11. Nc4 Nc5 12. Qe2 c6 13. dxc6 bxc6 14. b4 Ne6 15. a4
Qc7 16. Bd2 Rfe8 17. Rfe1 Nd4 18. Qf1 Bf8 19. f4 h6 20. f5 Bh7 21. Ne3 d5 22. b5
dxe4 23. Nxe4 Nd5 24. f6 Nf4 25. Ng4 g6 26. Bxf4 exf4 27. Qf2 Rad8 28. Nh2 cxb5
29. axb5 Nxb5 30. Nf3 Rxe4 31. Kh1 Rxe1+ 32. Rxe1 Nd6 33. Ne5 Qc3 34. Re2 Nf5
35. Qxf4 Qd4 36. Qf3 Re8 37. Nxf7 Rxe2 38. Nxh6+ Bxh6 0-1

[Event "ch-European Rapid 2013"]
[Site "Warsaw POL"]
[Date "2013.12.15"]
[Round "9.13"]
[White "Shkapenko, Pavel"]
[Black "Salgado Lopez, Ivan"]
[Result "1/2-1/2"]
[WhiteTitle "IM"]
[BlackTitle "GM"]
[WhiteElo "2406"]
[BlackElo "2597"]
[WhiteFideId "4151933"]
[BlackFideId "2257327"]
[EventDate "2013.12.14"]

1. e4 c6 2. d3 d5 3. Nd2 e5 4. Ngf3 Bd6 5. g3 Nf6 6. Bg2 O-O 7. O-O Nbd7 8. Re1
Re8 9. c3 a5 10. d4 exd4 11. Nxd4 dxe4 12. Nxe4 Nxe4 13. Rxe4 Rxe4 14. Bxe4 Nf6
15. Bc2 Bh3 16. Bf5 Bxf5 17. Nxf5 Bc5 18. Qxd8+ Rxd8 19. Be3 Bxe3 20. Nxe3 Kf8
21. Rd1 Rxd1+ 22. Nxd1 g6 23. f3 Ke7 24. Kf2 Kd6 25. Ke3 b5 26. Nf2 Nd5+ 27. Kd3
f5 28. f4 c5 29. b3 Nb6 30. c4 b4 31. Nd1 a4 32. Ne3 a3 33. h3 Nd7 34. g4 fxg4
35. hxg4 h5 36. gxh5 gxh5 37. Ke4 Ke6 38. f5+ Kf6 39. Nd5+ Kg5 40. Nc7 h4 41.
Ne6+ Kg4 42. Nf4 Kg3 43. Ne2+ Kg4 44. Nf4 Kg3 45. Ne2+ Kg2 46. Kd5 Kf2 47. Nf4
Kf3 48. Nh3 Kg4 49. Ng1 Kxf5 50. Kd6 Ne5 51. Kxc5 Nd3+ 52. Kb5 Ke6 53. c5 Kd7
54. Kc4 Nc1 55. Kxb4 Kc6 56. Kxa3 Kxc5 57. Kb2 Nd3+ 58. Kc3 Nf4 59. a4 h3 60.
Nxh3 Nxh3 1/2-1/2

[Event "ch-European Rapid 2013"]
[Site "Warsaw POL"]
[Date "2013.12.15"]
[Round "9.14"]
[White "Jussupow, Artur"]
[Black "Pinski, Jan"]
[Result "1/2-1/2"]
[WhiteTitle "GM"]
[BlackTitle "IM"]
[WhiteElo "2583"]
[BlackElo "2342"]
[WhiteFideId "4618777"]
[BlackFideId "1108441"]
[EventDate "2013.12.14"]

1. d4 Nf6 2. Nf3 c5 3. e3 g6 4. dxc5 Qa5+ 5. Nbd2 Bg7 6. a3 Qxc5 7. b4 Qc7 8.
Bb2 O-O 9. c4 b6 10. Be2 Bb7 11. O-O d6 12. Nd4 Nbd7 13. Bf3 Ne5 14. Bxb7 Qxb7
15. Qe2 Rac8 16. f4 Ned7 17. e4 Ne8 18. N2f3 e5 19. Nb5 a6 20. Nc3 exf4 21. Nd5
Ne5 22. Rac1 b5 23. cxb5 Rxc1 24. Rxc1 Qxb5 25. Qxb5 axb5 26. Bxe5 Bxe5 27. Rc6
Kg7 28. Rb6 Nf6 29. Nxf6 Kxf6 30. Rxb5 Rc8 31. a4 Rc1+ 32. Kf2 Rc2+ 33. Kf1 Rc1+
34. Ke2 Rc2+ 35. Kf1 Rc1+ 36. Ke2 Rc2+ 37. Kf1 Rc1+ 1/2-1/2

[Event "ch-European Rapid 2013"]
[Site "Warsaw POL"]
[Date "2013.12.15"]
[Round "9.15"]
[White "Golubka, Petr"]
[Black "Antipov, Mikhail Al."]
[Result "1/2-1/2"]
[WhiteTitle "IM"]
[BlackTitle "GM"]
[WhiteElo "2385"]
[BlackElo "2511"]
[WhiteFideId "14114224"]
[BlackFideId "4107012"]
[EventDate "2013.12.14"]

1. e4 c5 2. Nf3 d6 3. d4 cxd4 4. Nxd4 Nf6 5. Nc3 g6 6. Be3 Bg7 7. f3 O-O 8. Qd2
Nc6 9. g4 Be6 10. O-O-O Nxd4 11. Bxd4 Qa5 12. Kb1 Rfc8 13. Nd5 Qxd2 14. Rxd2
Nxd5 15. Bxg7 Nb4 16. Bc3 Nxa2 17. Bd4 Nb4 18. h4 Ba2+ 19. Kc1 Bb3 20. c3 Nc6
21. h5 Nxd4 22. Rxd4 Be6 23. g5 a5 24. hxg6 fxg6 25. e5 dxe5 26. Rdh4 h5 27.
gxh6 Bf5 28. Bc4+ Kh7 29. Bd5 Ra7 30. Re1 Rc5 31. Rd1 b5 32. Bg8+ Kh8 33. h7 Ra8
34. Kd2 b4 35. cxb4 Rc2+ 36. Ke3 a4 37. Rd2 Rc1 38. b5 Rb1 39. Kf2 a3 40. bxa3
Rxb5 41. a4 Rba5 42. Ra2 e4 43. fxe4 Rxa4 44. Re2 g5 45. Rh1 Bxe4 46. Rhe1 Rf8+
47. Kg1 Bd3 48. Rg2 g4 49. Rxe7 Rf3 50. Ra2 Rxa2 51. Bxa2 Bxh7 52. Bd5 Rf4 53.
Kh2 Rd4 54. Bg2 Bf5 55. Kg3 Kg8 56. Re5 Rd3+ 57. Kf4 Bd7 58. Rd5 Rxd5 1/2-1/2

[Event "ch-European Rapid 2013"]
[Site "Warsaw POL"]
[Date "2013.12.15"]
[Round "9.16"]
[White "Tregubov, Vadim"]
[Black "Mista, Aleksander"]
[Result "1/2-1/2"]
[BlackTitle "GM"]
[WhiteElo "2371"]
[BlackElo "2583"]
[WhiteFideId "14119595"]
[BlackFideId "1110381"]
[EventDate "2013.12.14"]

1. e4 e5 2. Nf3 Nc6 3. d4 exd4 4. Nxd4 Nf6 5. Nxc6 bxc6 6. e5 Qe7 7. Qe2 Nd5 8.
c4 Nb6 9. Nc3 Qe6 10. Qe4 Ba6 11. b3 Bb4 12. Bd2 Bxc3 13. Bxc3 d5 14. Qh4 dxc4
15. Be2 Nd5 16. Bxc4 g5 17. Qd4 Bxc4 18. Qxc4 Nf4 19. Qxe6+ Nxe6 20. O-O-O Rd8
21. Rxd8+ Kxd8 22. Re1 c5 23. Re4 Kc8 24. h4 h6 25. Bd2 Kb7 26. Kb2 Kc6 27. Rg4
Rg8 28. g3 Kd5 29. Ra4 Ra8 30. hxg5 hxg5 31. Kc3 Kxe5 32. Bxg5 Nxg5 33. f4+ Kf5
34. fxg5 Kxg5 35. Rc4 f5 36. Kd3 Re8 37. Rxc5 Kg4 38. Rxc7 Kxg3 39. Rxa7 f4 40.
Rg7+ Kf2 41. b4 Rb8 42. Kc4 f3 43. Rf7 Ra8 44. Kb3 Re8 45. b5 Ke2 46. a4 f2 47.
Kb4 Re3 48. Rxf2+ Kxf2 49. b6 Re1 50. Kc5 Rc1+ 51. Kd6 Rd1+ 52. Kc6 Rc1+ 53. Kd6
Rd1+ 54. Kc6 Rc1+ 55. Kd6 Rd1+ 56. Kc6 Rc1+ 57. Kb5 Ke3 58. b7 Kd4 59. a5 Kd5
60. Kb6 Rb1+ 61. Kc7 Rc1+ 62. Kd7 Rb1 63. a6 Rb6 64. Kc7 Rc6+ 65. Kd7 Rb6 66.
Kc8 Rc6+ 67. Kd8 Rd6+ 68. Ke8 Re6+ 69. Kf8 Rf6+ 70. Kg8 Rg6+ 71. Kf8 Rf6+ 72.
Kg7 Rb6 1/2-1/2

[Event "ch-European Rapid 2013"]
[Site "Warsaw POL"]
[Date "2013.12.15"]
[Round "9.18"]
[White "Kantans, Toms"]
[Black "Andriasian, Zaven"]
[Result "0-1"]
[WhiteTitle "FM"]
[BlackTitle "GM"]
[WhiteElo "2412"]
[BlackElo "2610"]
[WhiteFideId "11602945"]
[BlackFideId "13302000"]
[EventDate "2013.12.14"]

1. e4 c5 2. Nf3 d6 3. d4 cxd4 4. Nxd4 Nf6 5. Nc3 a6 6. g3 e5 7. Nde2 Be7 8. Bg2
b5 9. O-O O-O 10. h3 Bb7 11. Be3 Nbd7 12. f4 Rc8 13. g4 b4 14. Nd5 Nxd5 15. exd5
Re8 16. Qd2 a5 17. a3 exf4 18. Nxf4 Bf6 19. axb4 Bxb2 20. Rxa5 Ne5 21. Qf2 Nc4
22. Nh5 Nxe3 23. Qxf7+ Kh8 0-1

[Event "ch-European Rapid 2013"]
[Site "Warsaw POL"]
[Date "2013.12.15"]
[Round "9.19"]
[White "Neiksans, Arturs"]
[Black "Kula, Robert"]
[Result "1-0"]
[WhiteTitle "GM"]
[BlackTitle "FM"]
[WhiteElo "2560"]
[BlackElo "2319"]
[WhiteFideId "11601388"]
[BlackFideId "1101218"]
[EventDate "2013.12.14"]

1. e4 c5 2. Nf3 Nc6 3. Bb5 g6 4. O-O Bg7 5. Re1 Nf6 6. e5 Nd5 7. Nc3 Nc7 8. Bxc6
dxc6 9. Ne4 Ne6 10. d3 O-O 11. Be3 b6 12. Qd2 Qc7 13. Bh6 Nd4 14. Nxd4 cxd4 15.
Bxg7 Kxg7 16. Qf4 c5 17. h4 h5 18. Ng5 Qc6 19. Re2 Be6 20. a4 a5 21. b3 Rfb8 22.
f3 Rh8 23. Kf2 Raf8 24. Rh1 Re8 25. Ree1 Ref8 26. Rh2 Qd7 27. Kg1 Qc6 28. Re2
Qd7 29. g3 Bd5 30. Re1 Be6 31. Rhe2 Qc6 32. Kf2 Qd7 33. Qd2 Qd5 34. Re4 Re8 35.
Rf4 Ref8 36. Kg2 Qd7 37. Rfe4 Qd5 38. Qf2 Qd7 39. Kg1 Qd5 40. Qd2 Qd7 41. R4e2
Qd5 42. Rh2 Qd7 43. Re4 Bd5 44. Re1 Be6 45. Kf2 Bd5 46. e6 fxe6 47. f4 Rf5 48.
Kg1 e5 49. Rhe2 Rxg5 50. fxg5 Qh3 51. Rg2 Bxg2 52. Qxg2 Qxg2+ 53. Kxg2 Kf7 54.
Rxe5 Rd8 55. g4 hxg4 56. Kg3 e6 57. Kxg4 Ke7 58. Re2 Rf8 59. h5 gxh5+ 60. Kxh5
Rh8+ 61. Kg6 Rh3 62. Kg7 Re3 63. Rf2 e5 64. g6 e4 65. dxe4 Rxe4 66. Kh8 Rh4+ 67.
Kg8 Rh3 68. g7 Rg3 69. Rh2 c4 70. bxc4 Kd6 71. Rh5 1-0

[Event "ch-European Rapid 2013"]
[Site "Warsaw POL"]
[Date "2013.12.15"]
[Round "9.20"]
[White "Bryzgalin, Kirill"]
[Black "Wieczorek, Oskar"]
[Result "1-0"]
[WhiteTitle "GM"]
[BlackTitle "IM"]
[WhiteElo "2460"]
[BlackElo "2407"]
[WhiteFideId "4133285"]
[BlackFideId "1133950"]
[EventDate "2013.12.14"]

1. c4 Nf6 2. Nc3 c5 3. g3 d5 4. cxd5 Nxd5 5. Bg2 Nc7 6. e3 Nc6 7. Nge2 e5 8. O-O
Be7 9. f4 exf4 10. Nxf4 O-O 11. b3 Bd7 12. Bb2 Rc8 13. Qh5 Be8 14. Rad1 f6 15.
Qe2 Bf7 16. Kh1 Re8 17. Qf2 Bf8 18. d4 cxd4 19. exd4 Bd6 20. d5 Nb4 21. a3 Nba6
22. b4 b6 23. Ne4 Bxf4 24. d6 Nd5 25. Rxd5 Bxd5 26. Nxf6+ Kh8 27. Nxe8 Bxg2+ 28.
Qxg2 Qxe8 29. gxf4 Nb8 30. Qxg7# 1-0

[Event "ch-European Rapid 2013"]
[Site "Warsaw POL"]
[Date "2013.12.15"]
[Round "9.21"]
[White "Kulaots, Kaido"]
[Black "Gajek, Radoslaw"]
[Result "1/2-1/2"]
[WhiteTitle "GM"]
[BlackTitle "FM"]
[WhiteElo "2558"]
[BlackElo "2252"]
[WhiteFideId "4500261"]
[BlackFideId "1125893"]
[EventDate "2013.12.14"]

1. e4 e5 2. Nf3 Nf6 3. Nxe5 d6 4. Nf3 Nxe4 5. d4 d5 6. Bd3 Be7 7. O-O Nc6 8. c4
Nb4 9. Be2 O-O 10. Nc3 Nxc3 11. bxc3 Nc6 12. Re1 Bf5 13. cxd5 Qxd5 14. Bd3 Bf6
15. Rb1 Bxd3 16. Qxd3 b6 17. c4 Qd7 18. d5 Rfe8 19. Bf4 Ne7 20. h4 h6 21. h5 Nf5
22. Be5 Be7 23. Bxc7 Qxc7 24. Qxf5 Bf6 25. Re4 Rxe4 26. Qxe4 Rc8 27. Rc1 Qc5 28.
Ne1 Qa5 29. Rc2 Qa4 30. Qd3 Qb4 31. Kf1 Re8 32. Re2 Rd8 33. g3 a6 34. Qb3 Qc5
35. a4 Rc8 36. Re4 Rb8 37. Nd3 Qc8 38. Qd1 b5 39. axb5 axb5 40. cxb5 Qf5 41. Qe2
Qxd5 42. Re8+ Kh7 43. Qe4+ Qxe4 44. Rxe4 Rxb5 45. g4 Bg5 46. Rd4 f5 47. f3 fxg4
48. fxg4 Rb7 49. Kg2 g6 50. hxg6+ Kxg6 51. Rd6+ Kg7 52. Kf3 Re7 53. Nc5 Re3+ 54.
Kf2 Ra3 55. Ne4 Ra2+ 56. Kf3 Ra3+ 57. Kf2 Bh4+ 58. Ke2 Bg5 59. Rd7+ Kg6 60. Rd6+
Kg7 61. Rd7+ Kg6 1/2-1/2

[Event "ch-European Rapid 2013"]
[Site "Warsaw POL"]
[Date "2013.12.15"]
[Round "9.22"]
[White "Gritsak, Orest"]
[Black "Vuilleumier, Alexandre"]
[Result "1-0"]
[WhiteTitle "GM"]
[BlackTitle "IM"]
[WhiteElo "2516"]
[BlackElo "2326"]
[WhiteFideId "14102188"]
[BlackFideId "1305662"]
[EventDate "2013.12.14"]

1. Nf3 d5 2. d4 Nf6 3. c4 e6 4. Bg5 Be7 5. e3 h6 6. Bh4 O-O 7. Nc3 Ne4 8. Bxe7
Qxe7 9. cxd5 Nxc3 10. bxc3 exd5 11. Be2 Qa3 12. Qb3 Qxb3 13. axb3 Bf5 14. c4
dxc4 15. bxc4 c5 16. dxc5 Rc8 17. Nd4 Be4 18. f3 Bg6 19. Ra5 Nd7 20. c6 bxc6 21.
Kf2 Rc7 22. Rha1 f6 23. Ra6 Nb8 24. R6a5 Bf7 25. Nf5 Be6 26. Nd6 Nd7 27. e4 Ne5
28. c5 Kf8 29. f4 Nf7 30. Bh5 Nxd6 31. cxd6 Rb7 32. e5 Bf7 33. Bg4 Rb4 34. Rxa7
Re8 35. d7 Rd8 36. Ra8 1-0

[Event "ch-European Rapid 2013"]
[Site "Warsaw POL"]
[Date "2013.12.15"]
[Round "9.23"]
[White "Lavendelis, Egons"]
[Black "Tregubov, Pavel V."]
[Result "0-1"]
[WhiteTitle "FM"]
[BlackTitle "GM"]
[WhiteElo "2317"]
[BlackElo "2625"]
[WhiteFideId "11601647"]
[BlackFideId "4115341"]
[EventDate "2013.12.14"]

1. e4 c5 2. Nf3 Nc6 3. Bb5 Nf6 4. Qe2 g6 5. c3 Bg7 6. O-O O-O 7. d4 cxd4 8. cxd4
d5 9. e5 Ne4 10. Be3 f6 11. exf6 exf6 12. Nc3 Kh8 13. Nd2 f5 14. Bxc6 bxc6 15.
f4 a5 16. Rfd1 Ba6 17. Qe1 Rb8 18. Na4 Bb5 19. Nxe4 Bxa4 20. b3 Bxb3 21. axb3
dxe4 22. Rxa5 Rxb3 23. Rc5 Qd6 24. d5 Rd8 25. Qf2 cxd5 26. Bd4 e3 27. Qc2 Bxd4
28. Rxd4 e2 29. Kf2 Re8 30. Ke1 Qxc5 0-1

[Event "ch-European Rapid 2013"]
[Site "Warsaw POL"]
[Date "2013.12.15"]
[Round "9.24"]
[White "Plat, Vojtech"]
[Black "Bednarek, Sylwester"]
[Result "1/2-1/2"]
[WhiteTitle "IM"]
[BlackTitle "FM"]
[WhiteElo "2470"]
[BlackElo "2311"]
[WhiteFideId "325740"]
[BlackFideId "1101811"]
[EventDate "2013.12.14"]

1. b3 c5 2. Bb2 Nc6 3. e4 e5 4. g3 h5 5. h4 d6 6. Bg2 g6 7. Ne2 Bh6 8. c3 Nf6 9.
d3 Ng4 10. Nd2 Qf6 11. Nf3 O-O 12. Bc1 Qg7 13. Bxh6 Qxh6 14. O-O b5 15. d4 Rd8
16. dxc5 dxc5 17. Qc2 Qf8 18. Rad1 f6 19. Rxd8 Qxd8 20. Rd1 Qe7 21. Qd3 Be6 22.
Qxb5 Rc8 23. Nd2 Qd6 24. Bf3 c4 25. bxc4 Qd3 26. Qb1 Rd8 27. Qxd3 Rxd3 28. c5
Na5 29. Nc1 Rxc3 30. Ncb3 Nxb3 31. axb3 Rxc5 32. Be2 Rc2 33. Kf1 Rb2 34. Ke1 Kg7
35. Ra1 Nxf2 36. Rxa7+ Kh6 37. Ra6 Bg8 38. Rd6 Nh1 39. Rd3 f5 40. exf5 gxf5 41.
Rd6+ Kg7 42. Bxh5 e4 43. Rg6+ Kh8 44. Rg5 e3 45. Nf1 Nf2 46. Nxe3 f4 47. Nd1
Nd3+ 48. Kf1 Rxb3 49. Be2 fxg3 50. Rxg3 Nc1 51. Rg4 Nxe2 52. Kxe2 Bf7 53. Rg5
Rh3 54. Nf2 1/2-1/2

[Event "ch-European Rapid 2013"]
[Site "Warsaw POL"]
[Date "2013.12.15"]
[Round "9.25"]
[White "Licznerski, Lukasz"]
[Black "Maiorov, Nikita1"]
[Result "1-0"]
[WhiteTitle "FM"]
[BlackTitle "GM"]
[WhiteElo "2354"]
[BlackElo "2552"]
[WhiteFideId "1179250"]
[BlackFideId "13501720"]
[EventDate "2013.12.14"]

1. e4 e5 2. Nf3 Nc6 3. Bb5 a6 4. Bxc6 dxc6 5. O-O Qf6 6. d4 exd4 7. Bg5 Qd6 8.
Nxd4 Be7 9. Bxe7 Nxe7 10. Nc3 Bd7 11. Nb3 O-O-O 12. Qe2 Ng6 13. Rad1 Qe7 14. Qc4
Be6 15. Qc5 Qxc5 16. Nxc5 Bc4 17. Rfe1 f6 18. b3 Bf7 19. f3 Rd6 20. Kf2 Re8 21.
g4 a5 22. Kg3 b6 23. Nd3 c5 24. Nb5 Rdd8 25. Nb2 Ne5 26. c4 h5 27. h3 h4+ 28.
Kf2 Nc6 29. Rxd8+ Rxd8 30. Rd1 Re8 31. Na4 Re7 32. Nac3 Kb7 33. Ke3 Be6 34. Rd2
g6 35. Nd5 Bxd5 36. cxd5 Ne5 37. d6 cxd6 38. Rxd6 f5 39. gxf5 gxf5 40. Nc3 fxe4
41. Nd5 Rf7 42. Rxb6+ Ka7 43. f4 Rd7 44. Kxe4 Nd3 45. Rh6 Nf2+ 46. Ke5 Nxh3 47.
Rxh4 Nf2 48. Ke6 Rg7 49. f5 Rg1 50. f6 Re1+ 51. Kf5 Rd1 52. Nf4 Rd7 53. Ke6 Rd8
54. Ng6 Rg8 55. f7 Rxg6+ 56. Kf5 1-0

[Event "ch-European Rapid 2013"]
[Site "Warsaw POL"]
[Date "2013.12.15"]
[Round "9.26"]
[White "Yavorovsky, Valeriy"]
[Black "Stupak, Kirill"]
[Result "0-1"]
[BlackTitle "GM"]
[WhiteElo "2249"]
[BlackElo "2505"]
[WhiteFideId "14121549"]
[BlackFideId "13503758"]
[EventDate "2013.12.14"]

1. d4 e6 2. Nf3 Nf6 3. c4 c5 4. e3 cxd4 5. exd4 Be7 6. Nc3 O-O 7. Bd3 d6 8. O-O
b6 9. Re1 Bb7 10. b3 Nbd7 11. Bb2 Rc8 12. Rc1 Re8 13. a3 Qc7 14. b4 Qb8 15. d5
e5 16. Bf1 Bf8 17. a4 a5 18. bxa5 bxa5 19. Nb5 Nc5 20. Bc3 Qa8 21. Rb1 Nfd7 22.
Qd2 Nxa4 23. Bxa5 Qb8 24. Qb4 Nac5 25. Nd2 Be7 26. Nb3 Nxb3 27. Qxb3 Nc5 28. Qg3
Bd8 29. Bd2 Ba6 30. Nd4 Qc7 31. Nc6 Bf6 32. f4 e4 33. Bc3 Bxc3 34. Qxc3 Ra8 35.
Kh1 Bc8 36. Nd4 Bd7 37. Qg3 Qd8 38. Nb3 Na4 39. Qe3 Qf6 40. g3 Rab8 41. Qa7 Qe7
42. Qd4 e3 43. Bg2 Bf5 44. Ra1 Rxb3 45. Rxa4 e2 46. Ra7 Rb1 47. Ra1 Rxa1 48.
Qxa1 Qe3 49. Qa5 h5 50. Qb4 h4 51. gxh4 Qxf4 52. Qa5 Qxc4 53. Qd2 Bg4 54. h3 Bh5
55. Kh2 Qxh4 0-1